| 000 | 01647nam0a2200349 4500 | ||
|---|---|---|---|
| 001 | RU\NLR\bibl\405887 | ||
| 005 | 20250622165727.0 | ||
| 035 | _a(NLR Aleph) 000400009 | ||
| 090 |
_a13295964 _c13295964 |
||
| 100 | _a20030523g2003 |||y0rusy50 ca | ||
| 101 | 0 | _arus | |
| 102 | _aRU | ||
| 200 | 1 | _a...на 2003 год | |
| 210 |
_aМайкоп _cБ. и. _d2002 |
||
| 215 | _a77 с. | ||
| 225 | 1 |
_aПамятные даты по Республике Адыгея на 2003 год _eБиблиогр. указ. лит. _fНац. б-ка Респ. Адыгея, Отдел краевед. нац. лит. |
|
| 461 | 0 |
_12001#$aПамятные даты по Республике Адыгея на 2003 год$eБиблиогр. указ. лит.$fНац. б-ка Респ. Адыгея, Отдел краевед. нац. лит.$v...на 2003 год _1210##$aМайкоп$cБ. и. _1215##$d20 см. _tПамятные даты по Республике Адыгея на 2003 год |
|
| 610 | 0 | _aКалендари знаменательных и памятных дат | |
| 610 | 0 | _aАдыгея, Республика - История - Библиографические указатели | |
| 610 | 0 | _aАдыгея, история | |
| 675 |
_a016:94(470.621)(091)<387> _v3 _zrus |
||
| 686 |
_a13.41 _2rugasnti |
||
| 686 |
_a63.3(2Рос.Ады)6 _2rubbk |
||
| 702 | 1 |
_aМугу _bС. Х. _4220 |
|
| 702 | 1 |
_aПанеш _bФ. А. _4220 |
|
| 801 | 0 |
_aRU _bRKP _c20030523 _gPSBO |
|
| 801 | 1 |
_aRU _bRKP _c20030523 |
|
| 801 | 2 |
_aRU _bNLR _c20060222 _grcr |
|
| 852 |
_aNLR _bОНЛ _jАдыг./2-953 |
||
| 942 | _cISSUE | ||
| 980 | _aNB | ||